2018 26th International Conference on Nuclear Engineering - Volume 1: Operations and Maintenance, Engineering, Modifications, Life Extension, Life Cycle, and Balance of Plant; Instrumentation and Control (I&C) and Influence of Human Factors; Innovative Nuclear Power Plant Design and SMRs

Podrobná bibliografie
Médium: Elektronický zdroj Časopis
Jazyk:English
Vydáno: ASME
On-line přístup:Full text available on ASME[2018-2018]
Off-campus access
LEADER 01179cas a2200181 a 4500
001 AALConferenceProceedingsASME000796
008 230101c9999 xx r poo 0 0eng d
020 |a 978-0-7918-5143-2 
040 |a BD-DhAAL  |c BD-DhAAL 
245 0 0 |h [electronic resource]  |a 2018 26th International Conference on Nuclear Engineering - Volume 1: Operations and Maintenance, Engineering, Modifications, Life Extension, Life Cycle, and Balance of Plant; Instrumentation and Control (I&C) and Influence of Human Factors; Innovative Nuclear Power Plant Design and SMRs 
260 |b ASME 
300 |a 1 online resource 
500 |a <strong>Off-Campus Access:</strong> Athens ID and Password Required 
500 |a <strong>On-Campus Access:</strong> No User ID or Password Required 
506 |a Electronic access restricted to authorized BRAC University faculty, staff and students 
538 |a Mode of access: Internet 
856 4 0 |z Full text available on ASME[2018-2018]  |u https://asmedigitalcollection.asme.org/ICONE/ICONE26/volume/51432 
856 4 0 |z Off-campus access  |u https://go.openathens.net/redirector/bracu.ac.bd?url=https%3A%2F%2Fasmedigitalcollection.asme.org%2FICONE%2FICONE26%2Fvolume%2F51432